000 00373nam a2200157Ia 4500
008 230524s9999 xx 000 0 und d
020 _a9789339220464
082 _a333.7
_bCAN
100 _aLarryW.Canter
_943951
245 0 _aEnvironmental Impact Assessment
250 _a1
260 _bMGH
500 _aQuantity Number: 1
650 _aEnvironmental
942 _cBK
999 _c59574
_d59574